Medication safety : (رقم التسجيلة. 22059)

تفاصيل مارك
000 -الفاتح
حقل البيانات ثابتة الطول 01139cam a22003377a 4500
001 - رقم الضبط
رقم الضبط 16082889
003 - محدد رقم الضبط
رقم الضبط OSt
005 - وقت وتاريخ اخر تعامل مع التسجيلة
رقم الضبط 20150408114021.0
008 - عناصر البيانات ثابتة الطول - معلومات عامة
حقل البيانات ثابتة الطول 100203s2010 enka b 001 0 eng d
010 ## - رقم ضبط مكتبة الكونجرس
رقم ضبط مكتبة الكونجرس 2010286328
015 ## - رقم الببليوجرافية الوطنية
رقم الببليوجرافية الوطنية GBA974302
المصدر bnb
016 7# - رقم ضبط الوكاله الوطنية للضبط الببليوجرافي
رقم ضبط التسجيلة 015336897
المصدر Uk
020 ## - الرقم الدولى المعيارى للكتب
الرقم الدولى المعيارى للكتاب 9780521721639 (pbk.)
020 ## - الرقم الدولى المعيارى للكتب
الرقم الدولى المعيارى للكتاب 0521721636 (pbk.)
035 ## - رقم ضبط النظام
رقم ضبط النظام (OCoLC)ocn318871890
040 ## - مصدر الفهرسة
وكالة الفهرسة الأصلية UKM
وكالة النسخ UKM
وكالة التعديل BTCTA
-- C#P
-- YDXCP
-- DLC
042 ## - رمز التحقق
رمز التحقق lccopycat
050 00 - رقم طلب مكتبة الكونجرس
رقم التصنيف RM138
رقم المادة .M43 2010
082 04 - رقم تصنيف ديوى العشرى
رقم التصنيف 615.1
رقم الطبعة 22
245 00 - بيان العنوان
العنوان Medication safety :
بقية العنوان an essential guide /
بيان المسئوليه,etc edited by Molly Courtenay and Matt Griffiths.
260 ## - PUBLICATION, DISTRIBUTION, ETC. (IMPRINT)
مكان الناشر او الموزع Cambridge ;
-- New York :
اسم الناشر او الموزع Cambridge University Press,
تاريخ النشر أو التوزيع 2010.
300 ## - الوصف المادى
التعداد ix, 199 p. :
تفاصيل ماديه اخرى للوعاء ill. ;
أبعاد الوعاء 24 cm.
490 1# - بيان السلسلة
عنوان السلسلة Cambridge medicine
504 ## - تبصرة ببليوجرافية
تبصرة ببليوجرافية,الخ Includes bibliographical references and index.
650 #0 - المدخل الاضافى بالموضوع-مصطلح موضوعى
مصطلح موضوعي أو اسم جغرافي كعنصر مدخل Drugs
التقسيم الفرعي العام Prescribing
-- Safety measures.
9 (RLIN) 14124
700 1# - المدخل الاضافى - اسم شخصى
الإسم الشخصى Courtenay, Molly.
9 (RLIN) 14112
700 1# - المدخل الاضافى - اسم شخصى
الإسم الشخصى Griffiths, Matt.
9 (RLIN) 14113
830 #0 - المدخل الاضافى بالسلسلة -عنوان موحد
عنوان موحد Cambridge medicine.
9 (RLIN) 13815
942 ## - عناصر المدخل الإضافي( كوها)
مصدر التصنيف او مخطط الترفيف Dewey Decimal Classification
Koha [default] item type كتاب
المقتنيات
حالة الفقد نموذج السعر الفعال حالة تلف ليس للاعارة رقم الطلب تاريخ الاكتساب الموقع الحالي الباركود الفرع الرئيسي Date last seen نوع المادة فى نظام كوها مصدر التصنيف او خطة الترفيف Total Checkouts
  2013-03-10     615.1 MES 2012-12-26 المكتبة المركزية بالمجمعة (CL) 00400776 المكتبة المركزية بالمجمعة (CL) 2013-03-10 كتاب Dewey Decimal Classification  
  2013-03-10     615.1 MES 2012-12-26 المكتبة المركزية بالمجمعة (CL) 00400775 المكتبة المركزية بالمجمعة (CL) 2013-03-10 كتاب Dewey Decimal Classification  
  2013-03-10     615.1 MES 2012-12-26 المكتبة المركزية بالمجمعة (CL) 00400774 المكتبة المركزية بالمجمعة (CL) 2013-03-10 كتاب Dewey Decimal Classification  
  2013-03-10     615.1 M E S 2012-05-17 مكتبة كلية العلوم الطبية التطبيقية بالمجمعة - طالبات (AMF) 00086869 مكتبة كلية العلوم الطبية التطبيقية بالمجمعة - طالبات (AMF) 2013-03-10 كتاب Dewey Decimal Classification  
  2013-03-10     615.1 M E S 2012-05-17 مكتبة كلية العلوم الطبية التطبيقية بالمجمعة - طالبات (AMF) 00086870 مكتبة كلية العلوم الطبية التطبيقية بالمجمعة - طالبات (AMF) 2013-03-10 كتاب Dewey Decimal Classification  
  2013-03-10     615.1 M E S 2012-05-17 مكتبة كلية العلوم الطبية التطبيقية بالمجمعة - طالبات (AMF) 00086871 مكتبة كلية العلوم الطبية التطبيقية بالمجمعة - طالبات (AMF) 2013-03-10 كتاب Dewey Decimal Classification  
  2013-03-10     615.1 M E S 2012-05-17 مكتبة كلية العلوم الطبية التطبيقية بالمجمعة - طالبات (AMF) 00086872 مكتبة كلية العلوم الطبية التطبيقية بالمجمعة - طالبات (AMF) 2013-03-10 كتاب Dewey Decimal Classification